All Capital City Flags of North America - Statistics

General Stats
  • This quiz has been taken 16 times
  • The average score is 13 of 23
Answer Stats
Picture Answer % Correct
Managua
92%
Port-of-Spain
85%
Belmopan
77%
Kingston
77%
Castries
69%
Port-au-Prince
69%
Nassau
62%
Santo Domingo
62%
Washington D.C.
62%
Bridgetown
54%
Saint John's
54%
San Jose
54%
San Salvador
54%
Havana
46%
Mexico City
46%
Ottawa
46%
Panama City
46%
Roseau
46%
Saint George's
46%
Basseterre
38%
Guatemala City
38%
Kingstown
38%
Tegucigalpa
31%
No matching quizzes found
Score Distribution
Percent of People with Each Score
Percentile by Number Answered
Your Score History
You have not taken this quiz